Statystyki dla Największe miasta w Polsce na literę T

Kliknij tutaj aby rozwiązać quiz!

Ogólne statystyki

  • Ten quiz został rozwiązany 3 605 razy
  • Średni wynik to 5 z 10

Statystyki odpowiedzi

Rank.Liczba mieszańcówWojewództwoMiasto% Poprawnych
1.201.447kujawsko-pomorskieToruń
95%
3.108.470małopolskieTarnów
90%
2.127.590śląskieTychy
69%
7.46.745podkarpackieTarnobrzeg
62%
4.61.960łódzkieTomaszów Mazowiecki
49%
6.59.951pomorskieTczew
48%
5.61.686śląskieTarnowskie Góry
42%
10.19.035lubelskieTomaszów Lubelski
29%
8.26.833wielkopolskieTurek
28%
9.19.663małopolskieTrzebinia
17%

Rozkład punktacji

Percentyl według liczby udzielonych odpowiedzi

Procent ludzi z każdym wynikiem

Twoja historia wyników

Nie rozwiązałeś tego quizu